| 000 | 00874nam a2200229Ia 4500 | ||
|---|---|---|---|
| 005 | 20241129111414.0 | ||
| 008 | 241129s9999||||xx |||||||||||||| ||und|| | ||
| 020 | _a9780-93-87187-89-4 | ||
| 037 | _aTB | ||
| 040 |
_aCRL _bhin _cCRL |
||
| 041 |
_ahin _2hin |
||
| 084 |
_aO152,6x R1 _qCRL |
||
| 100 |
_aसेंटर फॉर वूमन स डेवलपमेंट स्टडीस, ले. _9724328 |
||
| 245 | 0 |
_aविधवा प्रश्न बाल विवाह _cसेंटर फॉर वूमन स डेवलपमेंट स्टडीस, ले. |
|
| 260 |
_aदिल्ली, भारत _bकिताब प्रकाशन _c2021 |
||
| 300 | _a399पृ0 | ||
| 365 |
_aINR _b850 |
||
| 490 | _apkWan & ladyu & 1922 & 1931 | ||
| 650 | _aHindi Prose | ||
| 942 |
_cTB _hO152,6x R1 |
||
| 999 |
_c1230313 _d1230313 |
||